|
|
|
|
| LEADER |
00000cam a2200000 a 4500 |
| 001 |
vtls010484002 |
| 003 |
SK-MaSNL |
| 005 |
20260301133026.0 |
| 008 |
130121s2008 xr hac f 000 0 cze |
| 020 |
|
|
|a 9788070072844 (brož.)
|
| 040 |
|
|
|a SNK
|b slo
|c SNK
|e AACR2
|
| 041 |
0 |
|
|a cze
|
| 043 |
|
|
|a e-xr---
|b e-xr-pg
|
| 044 |
|
|
|a xr
|c CZ
|
| 072 |
|
7 |
|a 00
|x Veda. Všeobecnosti. Základy vedy a kultúry. Vedecká práca
|2 konspekt
|
| 080 |
|
|
|a 001:061
|2 2001
|
| 080 |
|
|
|a 930:94(4)"04/14"
|2 2001
|
| 080 |
|
|
|a (437.311)
|2 2001
|
| 080 |
|
|
|a (036)
|2 2001
|
| 080 |
|
|
|a (062.552)
|2 2001
|
| 245 |
0 |
0 |
|a Centrum medievistických studií Akademie věd České republiky a Univerzity Karlovy v Praze při Filosofickém ústavu AV ČR, v.v.i., v Praze
|b badatelství, doktorandská výchova, mezinárodní spolupráce : 1998-2008
|c [k vydání připravili Petr Sommer a Pavel Soukup]
|
| 246 |
3 |
0 |
|a Badatelství, doktorandská výchova, mezinárodní spolupráce 1998-2008 - Centrum medievistických studií AV ČR
|
| 246 |
1 |
4 |
|a Centre for medieval studies
|
| 250 |
|
|
|a 1. vyd.
|
| 260 |
|
|
|a Praha
|b Filosofia
|c 2008
|
| 300 |
|
|
|a 107 s.
|b faks., ilustr., portréty
|c 24 cm
|
| 500 |
|
|
|a Vydalo Centrum medievistických studií AV ČR a UK při Filosofickém ústavu AV ČR v Praze
|
| 610 |
2 |
7 |
|a Centrum medievistických studií Akademie věd ČR a Univerzity Karlovy v Praze
|2 SNKKA
|9 163953
|
| 648 |
|
7 |
|a 1998-2008
|2 SNKPH
|9 341630
|
| 650 |
0 |
7 |
|a vedecké inštitúcie a organizácie
|2 SNKPH
|9 71697
|
| 650 |
0 |
7 |
|a medievalistika
|2 SNKPH
|9 58528
|
| 650 |
0 |
7 |
|a dejiny stredoveku
|2 SNKPH
|9 71805
|
| 650 |
0 |
7 |
|a Middle Ages
|2 SNKPHeng
|9 263011
|
| 650 |
0 |
7 |
|a Scientific institutions and organizations
|2 SNKPHeng
|9 268179
|
| 650 |
0 |
7 |
|a Medievalistics
|2 SNKPHeng
|9 267946
|
| 651 |
|
7 |
|a Praha (Česko)
|2 SNKPH
|9 19313
|
| 651 |
|
7 |
|a Prague (Czechia)
|2 SNKPHeng
|9 282408
|
| 655 |
|
7 |
|a informačné publikácie
|2 SNKPH
|9 70181
|
| 655 |
|
7 |
|a zborníky
|2 SNKPH
|9 70165
|
| 655 |
|
7 |
|a Information publications
|2 SNKPHeng
|9 265188
|
| 655 |
|
7 |
|a Papers
|2 SNKPHeng
|9 265431
|
| 700 |
1 |
|
|a Sommer, Petr,
|d 1949-2023
|4 edt
|9 102460
|
| 700 |
1 |
|
|a Soukup, Pavel,
|d 1976-
|4 edt
|9 240153
|
| 919 |
|
|
|a 978-80-7007-284-4
|
| 999 |
|
|
|c 752613
|d 754543
|
| 952 |
|
|
|a SNK
|b SNK
|y VYP
|7 0
|p 17A1113966
|o snkIC 141365
|i snk2014/16074
|8 2
|g 4.98
|0 0
|1 0
|4 0
|d 2014-06-23
|l 0
|r 2026-02-23 23:37:42
|w 2026-02-23
|